<?xml version="1.0" encoding="UTF-8"?><?xml-stylesheet type="text/xsl" href="static/style.xsl"?><OAI-PMH xmlns="http://www.openarchives.org/OAI/2.0/" xmlns:xsi="http://www.w3.org/2001/XMLSchema-instance" xsi:schemaLocation="http://www.openarchives.org/OAI/2.0/ http://www.openarchives.org/OAI/2.0/OAI-PMH.xsd"><responseDate>2026-04-18T05:00:18Z</responseDate><request verb="GetRecord" identifier="oai:uvadoc.uva.es:10324/17618" metadataPrefix="marc">https://uvadoc.uva.es/oai/request</request><GetRecord><record><header><identifier>oai:uvadoc.uva.es:10324/17618</identifier><datestamp>2021-06-30T08:33:01Z</datestamp><setSpec>com_10324_7462</setSpec><setSpec>com_10324_5186</setSpec><setSpec>com_10324_29291</setSpec><setSpec>col_10324_7465</setSpec></header><metadata><record xmlns="http://www.loc.gov/MARC21/slim" xmlns:doc="http://www.lyncode.com/xoai" xmlns:xsi="http://www.w3.org/2001/XMLSchema-instance" xmlns:dcterms="http://purl.org/dc/terms/" xsi:schemaLocation="http://www.loc.gov/MARC21/slim http://www.loc.gov/standards/marcxml/schema/MARC21slim.xsd">
<leader>00925njm 22002777a 4500</leader>
<datafield tag="042" ind1=" " ind2=" ">
<subfield code="a">dc</subfield>
</datafield>
<datafield tag="720" ind1=" " ind2=" ">
<subfield code="a">Bartolomé Bartolomé, Juan Manuel</subfield>
<subfield code="e">author</subfield>
</datafield>
<datafield tag="260" ind1=" " ind2=" ">
<subfield code="c">2011</subfield>
</datafield>
<datafield tag="520" ind1=" " ind2=" ">
<subfield code="a">El presente trabajo se centra en el estudio de los patrimonios de las familias de la burguesía administrativa y de profesiones liberales de la ciudad de León durante los años 1700-1850 y su transmisión hereditaria. De este modo, utilizando preferentemente las fuentes procedentes de protocolos notariales, sobre todo los inventarios postmortem y partijas de bienes, hemos reconstruido, por una parte, sus niveles de riqueza patrimonial, su estructura, su proceso de formación, la dinámica económica de las familias, etc. Y por otra parte, se han analizado las prácticas hereditarias de dichas familias donde sobresale la gran presencia del igualitarismo a la hora de dejar las legítimas a sus hijos.</subfield>
</datafield>
<datafield tag="520" ind1=" " ind2=" ">
<subfield code="a">Our present study focuses on the wealth, and the way this wealth was inherited, of families belonging to the bourgeois administrative class and the liberal professions in the provincial capital of León from 1700-1800. Thus, using public documents, inventories of goods and deeds of inheritance, we have pieced together their degree of wealth, structure, formation process and the economic dynamics of families etc ... We have also analyzed the inheritance practices of those families in which the equal distribution of the inheritance left to male and female heirs the part divided in accordance with the law is most clearly visible.</subfield>
</datafield>
<datafield tag="024" ind2=" " ind1="8">
<subfield code="a">Investigaciones históricas: Época moderna y contemporánea, 2011, N.31, pags.115-134</subfield>
</datafield>
<datafield tag="024" ind2=" " ind1="8">
<subfield code="a">0210-9425</subfield>
</datafield>
<datafield tag="024" ind2=" " ind1="8">
<subfield code="a">http://uvadoc.uva.es/handle/10324/17618</subfield>
</datafield>
<datafield tag="024" ind2=" " ind1="8">
<subfield code="a">115</subfield>
</datafield>
<datafield tag="024" ind2=" " ind1="8">
<subfield code="a">31</subfield>
</datafield>
<datafield tag="024" ind2=" " ind1="8">
<subfield code="a">134</subfield>
</datafield>
<datafield ind1=" " ind2=" " tag="653">
<subfield code="a">Historia moderna y contemporánea</subfield>
</datafield>
<datafield ind1=" " ind2=" " tag="653">
<subfield code="a">Burguesía-Historia-Siglo XVIII-XIX</subfield>
</datafield>
<datafield tag="245" ind1="0" ind2="0">
<subfield code="a">La formación y transmisión de los patrimonios de la burguesía administrativa y de profesiones liberales de la ciudad de León (1700-1850)</subfield>
</datafield>
</record></metadata></record></GetRecord></OAI-PMH>